|
|
|
|
| LEADER |
01533nam a22003972a 4500 |
| 001 |
000390319 |
| 003 |
CZ BrMZK |
| 005 |
20210128123348.0 |
| 007 |
ta |
| 008 |
980105s1930 xr f cze d |
| 015 |
|
|
|a cnb002032859
|z cnb000544073
|
| 020 |
|
|
|q (Brož.)
|
| 035 |
|
|
|a (OCoLC)320149424
|
| 035 |
|
|
|a (OCoLC)38693517
|
| 040 |
|
|
|a ABA001
|b cze
|d BOA001
|
| 072 |
|
7 |
|a 821.162.3-1
|x Česká poezie
|2 Konspekt
|9 25
|
| 080 |
|
|
|a 821.162.3-1
|2 MRF
|
| 080 |
|
|
|a (0:82-1)
|2 MRF
|
| 100 |
1 |
|
|a Hlaváček, Karel,
|d 1874-1898
|7 jk01041213
|4 aut
|
| 245 |
1 |
0 |
|a Básně /
|c Karel Hlaváček ; [uspořádal Antonín Hartl]
|
| 260 |
|
|
|a V Praze :
|b Kvasnička & Hampl,
|c 1930
|f (Průmyslová tiskárna)
|
| 300 |
|
|
|a 147 s. ;
|c 21 cm
|
| 490 |
1 |
|
|a Dílo Karla Hlaváčka ;
|v sv. 2
|
| 490 |
1 |
|
|a Nová bibliotéka ;
|v sv. 29
|
| 500 |
|
|
|a Typograficky upravil Method Kaláb
|
| 504 |
|
|
|a Obsahuje bibliografické odkazy
|
| 655 |
|
7 |
|a česká poezie
|7 fd133958
|2 czenas
|
| 700 |
1 |
|
|a Hartl, Antonín,
|d 1885-1944
|7 jk01040037
|4 edt
|
| 800 |
1 |
|
|a Hlaváček, Karel,
|d 1874-1898.
|t Dílo
|0 s
|
| 830 |
|
0 |
|a Nová bibliotéka
|0 s
|
| 856 |
4 |
1 |
|u http://www.digitalniknihovna.cz/mzk/uuid/uuid:02bb7490-ac1f-11e3-b833-005056827e52
|y Digitalizovaný dokument
|x NDK
|
| 910 |
|
|
|a BOA001
|b 1-0088.066,29
|
| 990 |
|
|
|a BK
|
| 991 |
|
|
|b 202101
|
| 996 |
6 |
|
|b 2619718296
|c 1-0088.066,29
|l MZK
|r Sklad / do 1 hodiny
|n 3
|w 000390319
|u 000020
|a 1
|e BOA001
|j MZK50
|s P
|
| 996 |
7 |
|
|b 2619878507
|c 1-0088.066,29
|l MZK
|r Sklad / do 1 hodiny
|n 13
|w 000390319
|u 000010
|a 1
|e BOA001
|j MZK50
|s A
|